000 00895nam a2200217 a 4500
001 000042001
005 20201002035858.0
008 131030s1990 sp ad 000 0 spa d
020 _a8400070429
040 _aDO-SdBNP
_bspa
_cBNPHU
245 0 3 _aSociología en España /
_c(compiladores) Luís Moreno, Salvador Giner.
260 _aCórdoba :
_bInstituto de Estudios Sociales Avanzados de Andalucía
_bConsejo Superior de Investigaciones Científicas,
_c1990.
300 _a400 p. : ;
_c24 cm.
490 1 _aPoliteya. Estudios de Economía y Sociedad
_v1
504 _aIncluye bibliografía a final de cada cápitulo
504 _aIncluye referencias bibliográficas y notas al pie de las páginas
710 2 _aConsejo Superior de Investigaciones Científicas (España)
_915178
700 1 _aMoreno, Luís,
_acomp.
_968943
700 1 _aGiner, Salvador,
_ecomp.
_d1934-
_968944
830 0 _v21
999 _c41490
_d41490